Velký anglicko-český slovník II. N-Z
Salvato in:
| Autore principale: | |
|---|---|
| Altri autori: | |
| Natura: | Libro |
| Lingua: | inglese ceco |
| Pubblicazione: |
Praha
ACADEMIA
1997
|
| Edizione: | 3. přeprac. vyd. |
| Soggetti: | |
| Tags: |
Nessun Tag, puoi essere il primo ad aggiungerne!!
|
MARC
| LEADER | 00000nam a2200000 4500 | ||
|---|---|---|---|
| 001 | 0194635 | ||
| 005 | 20240111125039.3 | ||
| 020 | |a 80-85927-35-7 | ||
| 041 | 0 | |a eng | |
| 041 | 0 | |a cze | |
| 044 | |a CZ | ||
| 245 | 1 | 0 | |a Velký anglicko-český slovník II. |b N-Z |c Karel Hais, Břetislav Hodek |
| 250 | |a 3. přeprac. vyd. | ||
| 264 | 1 | |a Praha |b ACADEMIA |c 1997 | |
| 300 | |a S. [1511-2918] | ||
| 610 | 2 | 0 | |a jazykoveda |
| 610 | 2 | 0 | |a terminológia |
| 610 | 2 | 0 | |a jazyky cudzie |
| 100 | 1 | |a Hais, Karel | |
| 700 | 1 | |a Hodek, Břetislav | |